| 000 | 01014nam a2200229Ia 4500 | ||
|---|---|---|---|
| 999 |
_c51355 _d51355 |
||
| 001 | 18337 | ||
| 003 | GE_BSU | ||
| 005 | 20200109112706.0 | ||
| 008 | 181216s2016||||ge |||||||||||||| ||geo|| | ||
| 020 | _a9789941944079 | ||
| 040 | _cGE_BSU | ||
| 041 | _ageo | ||
| 080 | _a328(479.224) ს-37 | ||
| 100 |
_aსაჯაია, სერგი (გიორგი) _96037 |
||
| 245 |
_aშეთქმულთა თაღლითობანი აფხაზეთის ა\რ-ის უმაღლეს საბჭოში : _bნაწ 4 / _cსერგი (გიორგი) საჯაია; რედ: გივი კილასონია. |
||
| 264 |
_aთბილისი, _c2016. |
||
| 300 |
_a160 გვ. ; _b20 სმ. |
||
| 653 | _aაფხაზეთის ისტორია | ||
| 653 | _aაფხაზეთის უმაღლესი საბჭო | ||
| 700 |
_aკილასონია, გივი _eრედაქტორი _96039 |
||
| 942 |
_cBK _2udc |
||